Statistics for Geography One

Click here to take the quiz!

General Stats

  • This quiz has been taken 482 times
    (77 since last reset)
  • The average score is 13 of 21

Answer Stats

Hint Answer % Correct
5) Known as the 'Savage Mountain' what is the 2nd 'Highest Mountain' in the world?K2
96%
8) Which capital city is furthest North out of ....... Tunis, Damascus or Kathmandu?Tunis
93%
6) What is the nearest 'mainland' African country to Madagascar?Mozambique
90%
13) Montevideo is the capital of which country?Uruguay
88%
3) The capital city of Serbia is?Belgrade
88%
14) Poland is one of 9 countries bordering which Sea?Baltic
87%
20) What is the name given to 'A Fertile Spot in a Desert where water is found'?Oasis
80%
7) What is the name of the molten rock etc. in the 'Earths Mantle' that is called 'Lava' on the surface after a volcanic eruption?Magma
77%
15) What is the name given to a 'Bound Collection of Maps'?Atlas
75%
18) What is the name of the mountain range that stretches from Maine to Georgia in the USA?Appalachians
75%
4) Niagara Falls lie between which 2 Lakes?Erie
71%
2) What is the only Island shared by 3 Countries?Borneo
71%
Ontario
62%
16) What is the Third (3rd) longest river in the world?Yangtze
48%
17) What is the opposite of the term 'Windward'?Leeward
42%
1) Salsette Island is part of which country?India
36%
9) Which European country's currency is called the 'Kuna' (kn)?Croatia
32%
12) What is the largest island administered by China?Hainan
32%
19) In which country is the massive burning gas-crater 'Darvaza' , (called the 'Gates to Hell)?Turkmenistan
26%
11) Which capital city is nearest to both 0.00 degrees longitude and 0.00 latitude?Accra, Ghana
19%
10) Which country was once the kingdom of the 'Queen of Sheba'?Yemen
17%

Score Distribution

Percentile by Number Answered

Percent of People with Each Score

Your Score History

You have not taken this quiz since the last reset